<?xml version="1.0" encoding="UTF-8"?>
<collection xmlns="http://www.loc.gov/MARC21/slim">
 <record>
  <leader>01335nam a2200193Ia 4500</leader>
  <controlfield tag="001">TDMU_17530</controlfield>
  <controlfield tag="008">210410s9999    xx            000 0 und d</controlfield>
  <datafield tag="082" ind1=" " ind2=" ">
   <subfield code="a">335.4309597</subfield>
  </datafield>
  <datafield tag="090" ind1=" " ind2=" ">
   <subfield code="b">H407</subfield>
  </datafield>
  <datafield tag="100" ind1=" " ind2=" ">
   <subfield code="a">Hoàng, Chí Bảo</subfield>
  </datafield>
  <datafield tag="245" ind1=" " ind2="0">
   <subfield code="a">Dân chủ và dân chủ ở cơ sở nông thôn trong tiến trình đổi mới</subfield>
  </datafield>
  <datafield tag="245" ind1=" " ind2="0">
   <subfield code="c">Hoàng Chí Bảo</subfield>
  </datafield>
  <datafield tag="260" ind1=" " ind2=" ">
   <subfield code="b">Chính trị Quốc gia</subfield>
  </datafield>
  <datafield tag="260" ind1=" " ind2=" ">
   <subfield code="c">2007</subfield>
  </datafield>
  <datafield tag="300" ind1=" " ind2=" ">
   <subfield code="a">255 tr.</subfield>
  </datafield>
  <datafield tag="520" ind1=" " ind2=" ">
   <subfield code="a">Nội dung nêu tầm quan trọng của dân chủ và dân chủ ở cơ sở trong thời gian qua, đồng thời đề xuất những giải pháp khắc phục nhằm góp phần thực hiện ngày càng có hiệu quả hơn việc phát huy dân chủ trong đời sống xã hội, tạo động lực và mục tiêu cho sự nghiệp xây dựng một nước Việt Nam xã hội chủ nghĩa &quot;dân giàu, nước mạnh, xã hội công bằng, dân chủ, văn minh&quot;</subfield>
  </datafield>
  <datafield tag="650" ind1=" " ind2=" ">
   <subfield code="a">Dân chủ</subfield>
   <subfield code="z">Việt Nam ; Nguyên tắc tập trung dân chủ</subfield>
   <subfield code="z">Việt Nam ; Phát triển nông thôn</subfield>
   <subfield code="z">Việt Nam </subfield>
  </datafield>
  <datafield tag="856" ind1=" " ind2=" ">
   <subfield code="u">http://lrc.tdmu.edu.vn/opac/search/detail.asp?aID=2&amp;ID=17530</subfield>
  </datafield>
  <datafield tag="980" ind1=" " ind2=" ">
   <subfield code="a">Trung tâm Học liệu Trường Đại học Thủ Dầu Một</subfield>
  </datafield>
 </record>
</collection>
